| 000 | 00572nam a2200205Ia 4500 | ||
|---|---|---|---|
| 001 | 11230 | ||
| 003 | GE_BSU | ||
| 008 | 181216s||||||||xx |||||||||||||| ||und|| | ||
| 040 | _cGE_BSU | ||
| 080 | _a630.5 | ||
| 100 | _aმირზაშვილი ვიქ. | ||
| 245 | _aსატყეო ტაქსაცია | ||
| 245 | _cრედ: მ. გოგინავა | ||
| 260 | _aთბილისი. | ||
| 260 | _bცოდნა | ||
| 260 | _c1960 | ||
| 300 | _a479გვ.22სმ. | ||
| 653 | _aსატყეო ტაქსაცია | ||
| 942 | _cBK | ||
| 999 |
_c44461 _d44461 |
||